Największe polskie miasta zawierające literę U - Statystyki

Ogólne statystyki
  • Ten quiz został rozwiązany 42 razy
  • Średni wynik to 10 z 15
Statystyki odpowiedzi
Województwo Populacja Miasto % Poprawnych
Lubelskie 330 447 Lublin
100%
Kujawsko-pomorskie 195 263 Toruń
95%
Dolnośląskie 68 016 Lubin
83%
Kujawsko-pomorskie 89 081 Grudziądz
76%
Śląskie 131 062 Ruda Śląska
76%
Podlaskie 68 434 Suwałki
76%
Pomorskie 86 027 Słupsk
69%
Łódzkie 41 009 Kutno
62%
Mazowieckie 65 388 Pruszków
62%
Zachodniopomorskie 39 189 Świnoujście
62%
Lubelskie 44 171 Puławy
60%
Łódzkie 66 901 Piotrków Trybunalski
57%
Pomorskie 52 931 Rumia
52%
Łódzkie 38 650 Zduńska Wola
38%
Śląskie 35 739 Knurów
33%
Nie znaleziono quizów pasujących do podanych kryteriów
Rozkład punktacji
Procent ludzi z każdym wynikiem
Percentyl według liczby udzielonych odpowiedzi
Twoja historia wyników
Nie rozwiązałeś tego quizu